Länder, die an Asien grenzen - Statistiken

Allgemein
  • Dieses Quiz wurde 96 mal gespielt
  • Das Durchschnittsergebnis liegt bei 9 aus 10
Antwortstatistiken
Grenzlänge in km Kontinent 🗺 Nachbarland % Korrekt
7644 Europa 🇰🇿 Russland🇷🇺
95%
4179 Europa 🇨🇳 Russland🇷🇺
95%
3485 Europa 🇲🇳 Russland🇷🇺
95%
894 Europa 🇬🇪 Russland🇷🇺
95%
338 Europa 🇦🇿 Russland🇷🇺
95%
18 Europa 🇰🇵 Russland🇷🇺
95%
208 Afrika 🇮🇱 Ägypten🇪🇬
88%
200 Europa 🇹🇷 Griechenland🇬🇷
87%
259 Europa 🇹🇷 Bulgarien🇧🇬
76%
820 Ozeanien 🇮🇩 Papua-Neuguinea🇵🇬
73%
Keine übereinstimmenden Quizze gefunden
Verteilung der Resultate
Anzahl Personen mit jedem Resultat
Perzentil nach korrekt beantworteten Fragen
Ihre Resultats-Entwicklung
Sie haben dieses Quiz noch nicht gespielt